| 000 | 01162nam a2200325Ia 4500 | ||
|---|---|---|---|
| 001 | |||
| 003 | DO-SdBNP | ||
| 005 | 20211005085131.0 | ||
| 008 | 140604s2005 dr 000 0 und d | ||
| 020 | _a9993442399 | ||
| 040 |
_aBPMSU _bspa _cBPMSU |
||
| 082 |
_aRD861.08 _bP419p 2005 _222 |
||
| 100 | 1 |
_aPeña, Enegildo _d1965- |
|
| 245 |
_aLa Poesía contemporánea de Santiago : _b(antología: 1977-2005) / _cprólogo Leoón David ; coodinador Dalis gonzáles |
||
| 246 | 1 | 4 | _aLa poesía contemporánea de Santiago |
| 260 |
_aSanto Domingo : _bFERILIBRO, _c2005 |
||
| 300 |
_a244 p. ; _c23 cm. |
||
| 490 | 0 |
_aEdiciones Ferilibro, _v74 |
|
| 504 | _aContiene Biografía. | ||
| 650 | 4 |
_aPoesía dominicana _vColecciones |
|
| 650 | 4 |
_aAutores dominicanos _xHistoria y crítica _2 |
|
| 650 | 4 |
_aLiteratura dominicana _x Historia y crítica |
|
| 700 | 1 |
_agonzáles, Dalis _ecoordinador |
|
| 700 | 1 |
_aDavid, Leoón _epról. |
|
| 710 | 2 | _aDirección General de la Feria del Libro (República Dominicana ) | |
| 856 | _3Archivo Digital Biblioteca Nacional | ||
| 856 | _ubiblio.bnphu.gob.do/Archivos_Digitales/PDF | ||
| 910 | _aVMateo V. | ||
| 942 |
_2ddc _cBK |
||
| 999 |
_c13754 _d13754 |
||